000 00593nam a2200229Ia 4500
003 OSt
005 20220928135435.0
006 a|||||r|||| 00| 0
007 ta
008 220927b |||||||| |||| 00| 0 eng d
024 _a2197
037 _cTextual
040 _aSDCL
_cSDCL
_beng
041 _2eng
_aeng
082 _aX:51-75, P3
100 _aHougaard Soren
_9490675
245 0 _aStrategic relationship marketing
260 _c2003
700 _a Bjerre Mogens
_9490676
942 _hX:51-75, P3
_cTEXL
_2CC
999 _c806008
_d806008